| 000 | 00494nam a2200205 a 4500 | ||
|---|---|---|---|
| 001 | BRCA_2017 | ||
| 005 | 20190320203633.0 | ||
| 008 | 170608s1922----dk-#######---#000-0#dan-# | ||
| 041 | _adan | ||
| 044 | _adk | ||
| 050 | 4 |
_aPT8175 F5 _b.R67 _c1922 |
|
| 100 | 1 |
_aFleuron, Svend _96167 |
|
| 245 | 1 | 0 |
_aDie rote Koppel _cSvend Fleuron |
| 260 |
_aJena _bE. Diederichs _c1922 |
||
| 300 |
_a180 p. _c19 cm. |
||
| 500 | _aI7 | ||
| 650 | 1 | 4 |
_aLiteratura danesa. _96168 |
| 902 | _aGFM | ||
| 942 |
_2lcc _cB |
||
| 999 |
_c1783 _d1783 |
||